| 000 | 00390 a2200133 4500 | ||
|---|---|---|---|
| 000 | nam a22 7a 4500 | ||
| 100 | _aThakare, Mayur Chandrakant | ||
| 110 | _aThakare, Mayur Chandrakant | ||
| 245 | _aPlayground Construction, Dimensions and Equipment Manual | ||
| 250 | _aLatest edition | ||
| 260 |
_bKhel Sahitya Kendra _c2025 |
||
| 264 |
_bKhel Sahitya Kendra _c2025 |
||
| 942 | _cBK | ||
| 999 |
_c394173 _d394173 |
||